Quick Pick: Most-Broken Bones Quiz Stats

 Plays Quiz Updated Jan 26, 2019

Support Sporcle.
Go Orange.
Score 0/5 Timer 00:30
1 Play Today
% Correct
Arm
83.7%
Wrist
83%
Ankle
77.2%
Collarbone
69.7%
Toe
67.9%

Today's Daily Dose

You're not logged in!

Compare scores with friends on all Sporcle quizzes.
OR
Log In
Forgot?

From the Vault

30 in 60: Best Picture Winners

by RobPro

Movies 60s
You better click these pics quick.
Remove Ads.
Support Sporcle.
Get the best of Sporcle when you Go Orange. This ad-free experience offers more features, more stats, and more fun while also helping to support Sporcle. Thank you for becoming a member.

Show Comments

Extras

Top Quizzes Today


Score Distribution

Your Account Isn't Verified!

In order to create a playlist on Sporcle, you need to verify the email address you used during registration. Go to your Sporcle Settings to finish the process.

Report this User

Report this user for behavior that violates our Community Guidelines.

Details: